[Event "San Francisco TNM Summer op"]
[Site "San Francisco"]
[Date "2017.05.30"]
[Round "2"]
[White "Hakobyan, Sos"]
[Black "Eren, Baran"]
[Result "0-1"]
[WhiteElo "1822"]
[BlackElo "2143"]
[PlyCount "76"]
[EventDate "2017.05.23"]
[EventType "swiss"]
[EventRounds "8"]
[EventCountry "USA"]
[SourceTitle "EXT 2023"]
[Source "ChessBase"]
[SourceDate "2022.10.05"]
[SourceVersion "1"]
[SourceVersionDate "2022.10.05"]
[SourceQuality "1"]

1. e4 c5 2. Nf3 e6 3. d3 Nc6 4. a4 d6 5. g3 Nf6 6. Bg2 Be7 7. 0-0 0-0 8. Re1 Bd7 9. c3 Rc8 10. Qe2 Qc7 11. Na3 a6 12. Bf4 e5 13. Bg5 Be6 14. Nc4 h6 15. Bxf6 Bxf6 16. Ne3 Rfe8 17. h4 Na5 18. Nd5 Bxd5 19. exd5 b5 20. g4 Nb3 21. g5 hxg5 22. Ra3 g4 23. Ng5 Bxg5 24. hxg5 c4 25. Qxg4 Nc5 26. dxc4 Nd3 27. Re3 Qxc4 28. Qf5 Nf4 29. b3 Qc7 30. axb5 axb5 31. Be4 g6 32. Qg4 Ra8 33. Rxa8 Rxa8 34. Qd1 Ra2 35. Qf1 Qe7 36. Bf3 Qxg5+ 37. Kh2 Qh4+ 38. Kg1 Nh3+ 0-1

[Event "San Francisco TNM Spring op"]
[Site "San Francisco"]
[Date "2017.04.18"]
[Round "6"]
[White "Hakobyan, Sos"]
[Black "Abraham, Michael David"]
[Result "1/2-1/2"]
[WhiteElo "1843"]
[BlackElo "1527"]
[PlyCount "115"]
[EventDate "2017.03.14"]
[EventType "swiss"]
[EventRounds "8"]
[EventCountry "USA"]
[SourceTitle "EXT 2023"]
[Source "ChessBase"]
[SourceDate "2022.10.05"]
[SourceVersion "1"]
[SourceVersionDate "2022.10.05"]
[SourceQuality "1"]

1. e4 c5 2. Nf3 d6 3. d4 cxd4 4. Qxd4 Nc6 5. Bb5 Bd7 6. Bxc6 Bxc6 7. Nc3 Nf6 8. Bg5 e6 9. 0-0-0 h6 10. Bxf6 Qxf6 11. Qxf6 gxf6 12. Nd4 Rg8 13. g3 0-0-0 14. Nxc6 bxc6 15. h4 Bg7 16. Rd3 Rd7 17. Rhd1 Rgd8 18. Ne2 d5 19. exd5 cxd5 20. Rc3+ Rc7 21. Rb3 Kd7 22. Nf4 Rdc8 23. c3 Rc4 24. Rb7+ R8c7 25. Rb8 Rc8 26. Rxc8 Kxc8 27. Kc2 f5 28. Kb3 Kc7 29. Nxd5+ exd5 30. Rxd5 Rc6 31. Rxf5 Rf6 32. Rxf6 Bxf6 33. h5 Kc6 34. Kc4 a5 35. a4 Bd8 36. b4 Bb6 37. f3 f5 38. Kd3 Kd6 39. Kc4 Kc6 40. g4 fxg4 41. fxg4 Bd8 42. bxa5 Bxa5 43. Kd4 Bd8 44. c4 Bf6+ 45. Ke4 Kc5 46. a5 Bd8 47. a6 Kb6 48. Kd5 Kxa6 49. Kd6 Kb7 50. Kd7 Bb6 51. g5 hxg5 52. h6 Bd4 53. h7 Kb6 54. Ke6 g4 55. Kd5 Bh8 56. Ke4 Kc5 57. Kf4 Kxc4 58. Kxg4 1/2-1/2

[Event "San Francisco TNM Winter op"]
[Site "San Francisco"]
[Date "2017.02.21"]
[Round "8"]
[White "Chan, John"]
[Black "Hakobyan, Sos"]
[Result "0-1"]
[WhiteElo "1614"]
[BlackElo "1866"]
[PlyCount "140"]
[EventDate "2017.01.03"]
[EventType "swiss"]
[EventRounds "8"]
[EventCountry "USA"]
[SourceTitle "EXT 2018"]
[Source "ChessBase"]
[SourceDate "2017.10.13"]
[SourceVersion "1"]
[SourceVersionDate "2017.10.13"]
[SourceQuality "1"]

1. d4 e6 2. Nf3 Nf6 3. c3 d5 4. Bg5 Nbd7 5. Nbd2 h6 6. Bxf6 Nxf6 7. h3 c5 8. e3 c4 9. Be2 b5 10. b4 a5 11. a3 axb4 12. axb4 Bb7 13. 0-0 Bd6 14. Qc2 0-0 15. Ra2 Qc7 16. Rfa1 Nd7 17. e4 Nb6 18. e5 Be7 19. Nh2 Rxa2 20. Rxa2 Na4 21. Ra1 Bc6 22. f4 f5 23. Ndf1 Qb6 24. Nf3 Be8 25. Ng3 Bg6 26. Qc1 Bh7 27. Kh2 Kh8 28. Bd1 Ra8 29. Nf1 Qd8 30. g3 g5 31. Ra2 g4 32. Ng1 gxh3 33. Nxh3 Qb6 34. Qe3 Qb7 35. Bf3 Nb6 36. Rxa8+ Qxa8 37. Qd2 Qa1 38. Ne3 Na4 39. Nd1 Qa3 40. Ng1 Kg7 41. Ne2 Bg6 42. Kg2 Be8 43. g4 Bg6 44. gxf5 Bxf5 45. Ne3 Bd3 46. f5 Bg5 47. fxe6 Bxe2 48. Bxe2 Qxc3 49. Qxc3 Nxc3 50. Nf5+ Kg6 51. e7 Bxe7 52. Nxe7+ Kf7 53. Nxd5 Nxe2 54. e6+ Kxe6 55. Nc7+ Kd6 56. Nxb5+ Kc6 57. Na3 c3 58. b5+ Kb6 59. Kh3 Nxd4 60. Kh4 Nxb5 61. Nc2 Nd6 62. Kh5 Nf7 63. Kg4 Kc5 64. Kf4 Kc4 65. Ke3 Kb3 66. Ne1 Kb2 67. Nd3+ Kb1 68. Ke2 c2 69. Kd2 Ne5 70. Nc1 Nc4+ 0-1

[Event "San Francisco TNM Winter op"]
[Site "San Francisco"]
[Date "2017.02.07"]
[Round "6"]
[White "Hakobyan, Sos"]
[Black "Giridharan, Durgashankar"]
[Result "1-0"]
[WhiteElo "1866"]
[BlackElo "1762"]
[PlyCount "67"]
[EventDate "2017.01.03"]
[EventType "swiss"]
[EventRounds "8"]
[EventCountry "USA"]
[SourceTitle "EXT 2018"]
[Source "ChessBase"]
[SourceDate "2017.10.13"]
[SourceVersion "1"]
[SourceVersionDate "2017.10.13"]
[SourceQuality "1"]

1. e4 c5 2. Nf3 d6 3. Bb5+ Nd7 4. c4 g6 5. d4 cxd4 6. Qxd4 Ngf6 7. 0-0 Bg7 8. e5 dxe5 9. Nxe5 0-0 10. Rd1 Qc7 11. Bf4 Qc5 12. Qxc5 Nxc5 13. Nc3 a6 14. Ba4 Nxa4 15. Nxa4 Be6 16. Nc5 Bxc4 17. Nxc4 Rac8 18. Be3 Ng4 19. Nb6 Nxe3 20. fxe3 Rxc5 21. Nd7 Rc2 22. Nxf8 Bxf8 23. Rd8 Kg7 24. b3 e6 25. Rd7 Bc5 26. Rf1 Bxe3+ 27. Kh1 Kh6 28. Rdxf7 e5 29. a4 b6 30. h4 Bf4 31. Rb7 Rc6 32. g4 g5 33. h5 Re6 34. Rd1 1-0

[Event "San Francisco TNM Fall op"]
[Site "San Francisco"]
[Date "2016.11.01"]
[Round "3"]
[White "Hakobyan, Sos"]
[Black "Cunningham, Charles"]
[Result "1-0"]
[WhiteElo "1980"]
[BlackElo "1524"]
[PlyCount "23"]
[EventDate "2016.10.18"]
[EventType "swiss"]
[EventRounds "9"]
[EventCountry "USA"]
[SourceTitle "EXT 2018"]
[Source "ChessBase"]
[SourceDate "2017.10.13"]
[SourceVersion "1"]
[SourceVersionDate "2017.10.13"]
[SourceQuality "1"]

1. e4 e5 2. Nf3 Nc6 3. Bc4 a6 4. 0-0 Bc5 5. c3 h6 6. d4 exd4 7. cxd4 Bb6 8. d5 Na5 9. Bd3 d6 10. b4 Bg4 11. bxa5 Bd4 12. Qa4+ 1-0

[Event "San Francisco Benson Memorial"]
[Site "San Francisco"]
[Date "2016.09.13"]
[Round "7"]
[White "Wonsever, James"]
[Black "Hakobyan, Sos"]
[Result "1-0"]
[WhiteElo "1636"]
[BlackElo "1980"]
[PlyCount "91"]
[EventDate "2016.08.02"]
[EventType "swiss"]
[EventRounds "9"]
[EventCountry "USA"]
[SourceTitle "EXT 2018"]
[Source "ChessBase"]
[SourceDate "2017.10.13"]
[SourceVersion "1"]
[SourceVersionDate "2017.10.13"]
[SourceQuality "1"]

1. e4 c5 2. Nf3 d6 3. d4 cxd4 4. Nxd4 Nf6 5. Nc3 a6 6. Bg5 e5 7. Nb3 Be7 8. Qd2 b5 9. Bxf6 Bxf6 10. Qd5 Ra7 11. Bxb5+ axb5 12. Nxb5 Rd7 13. Qa8 Qb6 14. a4 0-0 15. Qa5 Qxa5+ 16. Nxa5 Bd8 17. Nc4 Be7 18. Nb6 Rb7 19. Nd5 Bg5 20. h4 Bd8 21. Nxd6 Ba5+ 22. Kd1 Rd7 23. Nc4 Nc6 24. Nxa5 Nxa5 25. b4 Nc4 26. Ke2 f5 27. f3 Bb7 28. Rhd1 Bxd5 29. Rxd5 Rxd5 30. exd5 Rd8 31. Kd3 Rc8 32. a5 Nd6 33. a6 e4+ 34. fxe4 fxe4+ 35. Kd4 Rc4+ 36. Ke5 Nb5 37. a7 Nxa7 38. Rxa7 e3 39. Ra1 Rxc2 40. Ke6 h6 41. d6 Rd2 42. Re1 e2 43. Ke7 Rd4 44. Rxe2 Rxb4 45. d7 Rb7 46. Ke8 1-0

[Event "San Francisco Benson Memorial"]
[Site "San Francisco"]
[Date "2016.08.23"]
[Round "4"]
[White "Hakobyan, Sos"]
[Black "Viswanath, Ganesh"]
[Result "0-1"]
[WhiteElo "1980"]
[BlackElo "2101"]
[PlyCount "74"]
[EventDate "2016.08.02"]
[EventType "swiss"]
[EventRounds "9"]
[EventCountry "USA"]
[SourceTitle "EXT 2018"]
[Source "ChessBase"]
[SourceDate "2017.10.13"]
[SourceVersion "1"]
[SourceVersionDate "2017.10.13"]
[SourceQuality "1"]

1. c4 Nf6 2. Nc3 e5 3. g3 Nc6 4. Bg2 Bc5 5. a3 a6 6. b4 Ba7 7. Bb2 0-0 8. e3 d6 9. Nge2 h6 10. h4 Rb8 11. Rc1 Bf5 12. f3 h5 13. Nd5 Nxd5 14. cxd5 Ne7 15. e4 Bd7 16. d4 f5 17. dxe5 fxe4 18. f4 Nf5 19. Bxe4 Ne3 20. Qb3 Bf5 21. Bxf5 Nxf5 22. e6 Be3 23. Rc3 Bb6 24. Rd3 Qe8 25. Bd4 Nxd4 26. Nxd4 Qg6 27. Kd1 Qf6 28. Nc2 Rbc8 29. Re1 Kh8 30. Qc3 Qg6 31. Kc1 c6 32. e7 Rfe8 33. Re6 Qf5 34. Ne3 Bxe3+ 35. Kb2 Bb6 36. Qb3 Rc7 37. Rxd6 Rcxe7 0-1

[Event "San Francisco Benson Memorial"]
[Site "San Francisco"]
[Date "2016.08.09"]
[Round "2"]
[White "Donaldson, Kyle Garrett"]
[Black "Hakobyan, Sos"]
[Result "0-1"]
[WhiteElo "1453"]
[BlackElo "1980"]
[PlyCount "72"]
[EventDate "2016.08.02"]
[EventType "swiss"]
[EventRounds "9"]
[EventCountry "USA"]
[SourceTitle "EXT 2018"]
[Source "ChessBase"]
[SourceDate "2017.10.13"]
[SourceVersion "1"]
[SourceVersionDate "2017.10.13"]
[SourceQuality "1"]

1. e4 e6 2. d4 d5 3. Nc3 Nf6 4. e5 Nfd7 5. Nf3 c5 6. Be2 Nc6 7. Be3 cxd4 8. Bxd4 Nxd4 9. Qxd4 Bc5 10. Qg4 Qb6 11. 0-0 0-0 12. Na4 Qb4 13. Qxb4 Bxb4 14. Bd3 Nc5 15. Nxc5 Bxc5 16. Ng5 h6 17. Nh3 Bd4 18. c3 Bxe5 19. f4 Bd6 20. f5 e5 21. f6 Bc5+ 22. Kh1 e4 23. fxg7 Kxg7 24. Bc2 f5 25. Nf4 d4 26. Nh5+ Kg6 27. Nf4+ Kg7 28. Nh5+ Kh8 29. Bxe4 fxe4 30. Rxf8+ Bxf8 31. Rf1 Bg4 32. Nf6 Be2 33. Re1 d3 34. Nxe4 Re8 35. Nd2 Bc5 36. Nf3 Bf2 0-1

[Event "San Francisco TNM Summer op"]
[Site "San Francisco"]
[Date "2016.06.21"]
[Round "5"]
[White "Hakobyan, Sos"]
[Black "Walder, Michael S"]
[Result "1-0"]
[WhiteElo "1873"]
[BlackElo "2128"]
[PlyCount "69"]
[EventDate "2016.05.24"]
[EventType "swiss"]
[EventRounds "8"]
[EventCountry "USA"]
[SourceTitle "EXT 2018"]
[Source "ChessBase"]
[SourceDate "2017.10.13"]
[SourceVersion "1"]
[SourceVersionDate "2017.10.13"]
[SourceQuality "1"]

1. e4 c5 2. Nf3 d6 3. d4 cxd4 4. Qxd4 a6 5. Nc3 Nc6 6. Qd3 Nf6 7. Bg5 e6 8. 0-0-0 Qc7 9. Bxf6 gxf6 10. Nd2 b5 11. f4 Bb7 12. Be2 Rc8 13. Kb1 Nb4 14. Qe3 Nxc2 15. Kxc2 b4 16. Ndb1 Be7 17. Rd3 d5 18. Bf3 Bc5 19. Qd2 bxc3 20. Rxc3 dxe4 21. Bh5 e3 22. Qd3 f5 23. Qc4 Be4+ 24. Kc1 0-0 25. b4 Qb7 26. a3 a5 27. Bf3 Bxb4 28. Bxe4 fxe4 29. Qb3 Rxc3+ 30. Nxc3 Rc8 31. axb4 axb4 32. Qb2 Rxc3+ 33. Kb1 Qd5 34. Rc1 Rb3 35. Rc8+ 1-0

[Event "San Francisco TNM Summer op"]
[Site "San Francisco"]
[Date "2016.06.07"]
[Round "3"]
[White "Hakobyan, Sos"]
[Black "Vickers, Keith"]
[Result "1-0"]
[WhiteElo "1873"]
[BlackElo "2200"]
[PlyCount "120"]
[EventDate "2016.05.24"]
[EventType "swiss"]
[EventRounds "8"]
[EventCountry "USA"]
[SourceTitle "EXT 2018"]
[Source "ChessBase"]
[SourceDate "2017.10.13"]
[SourceVersion "1"]
[SourceVersionDate "2017.10.13"]
[SourceQuality "1"]

1. Nf3 f5 2. d4 Nf6 3. c4 e6 4. a3 Be7 5. Nc3 d6 6. Bf4 0-0 7. e3 Ne4 8. h4 Nxc3 9. bxc3 c5 10. Bd3 Nc6 11. Qc2 Bf6 12. Bg5 h6 13. Bxf6 Qxf6 14. Rd1 e5 15. Be2 b6 16. d5 Ne7 17. Kd2 e4 18. Nh2 Ng6 19. h5 Ne5 20. f4 exf3 21. gxf3 Ba6 22. Qa4 Bb7 23. f4 Nf7 24. Rdg1 Nh8 25. Rg3 Rf7 26. Rhg1 Kf8 27. Qc2 Re8 28. Bd3 Qh4 29. Kc1 Qxh5 30. Qg2 Qh4 31. Rxg7 Qf6 32. Rg8+ Ke7 33. Rxe8+ Kxe8 34. Kd2 Kd8 35. Qg8+ Rf8 36. Qg7 Qe7 37. Qxh6 Bc8 38. Qg5 Nf7 39. Qxe7+ Kxe7 40. Nf3 Rh8 41. Rg2 Kf6 42. Rh2 Rxh2+ 43. Nxh2 Bd7 44. Ke2 Nh6 45. Kf3 Be8 46. Kg3 Bh5 47. Kh4 Bd1 48. Nf1 Ng4 49. Kg3 Nh6 50. Kf2 Ng4+ 51. Ke1 Ba4 52. Kd2 Bd7 53. Ng3 Nf2 54. e4 fxe4 55. Bxe4 Nh3 56. Nh5+ Kf7 57. Ke3 Bg4 58. Ng3 Kf6 59. Bg2 Bd7 60. Ne4+ Ke7 1-0

[Event "San Francisco TNM Winter op"]
[Site "San Francisco"]
[Date "2016.02.09"]
[Round "6"]
[White "Fuentes, Romulo C"]
[Black "Hakobyan, Sos"]
[Result "1-0"]
[WhiteElo "2208"]
[BlackElo "1886"]
[PlyCount "74"]
[EventDate "2016.01.05"]
[EventType "swiss"]
[EventRounds "8"]
[EventCountry "USA"]
[SourceTitle "EXT 2018"]
[Source "ChessBase"]
[SourceDate "2017.10.13"]
[SourceVersion "1"]
[SourceVersionDate "2017.10.13"]
[SourceQuality "1"]

1. e4 e5 2. Nf3 Nc6 3. d4 exd4 4. Bc4 Bc5 5. Ng5 Nh6 6. Nxf7 Nxf7 7. Bxf7+ Kxf7 8. Qh5+ g6 9. Qxc5 d6 10. Qd5+ Be6 11. Qb5 Qd7 12. Nd2 b6 13. 0-0 Ne5 14. Qe2 Qc6 15. f4 Ng4 16. f5 gxf5 17. Qxg4 Rag8 18. Rxf5+ Bxf5 19. Qxf5+ Ke8 20. Qe6+ Kd8 21. Nf3 h6 22. Bxh6 Qc5 23. Bg5+ Rxg5 24. Qf6+ Kd7 25. Qxg5 Re8 26. Qg7+ Re7 27. Qxd4 Qxc2 28. e5 Qc5 29. exd6 cxd6 30. Rd1 Re4 31. Qxc5 bxc5 32. Kf2 a5 33. h4 a4 34. a3 Ke7 35. Re1 Re6 36. g4 d5 37. g5 d4 1-0

[Event "San Francisco TNM Winter op"]
[Site "San Francisco"]
[Date "2016.01.26"]
[Round "4"]
[White "Tan, Jacky T"]
[Black "Hakobyan, Sos"]
[Result "0-1"]
[WhiteElo "1327"]
[BlackElo "1886"]
[PlyCount "44"]
[EventDate "2016.01.05"]
[EventType "swiss"]
[EventRounds "8"]
[EventCountry "USA"]
[SourceTitle "EXT 2018"]
[Source "ChessBase"]
[SourceDate "2017.10.13"]
[SourceVersion "1"]
[SourceVersionDate "2017.10.13"]
[SourceQuality "1"]

1. e4 e5 2. Nf3 Nc6 3. Bb5 Nf6 4. 0-0 a6 5. Ba4 b5 6. Bb3 h6 7. Re1 Bc5 8. c3 d6 9. h3 Bb7 10. d4 Ba7 11. d5 Ne7 12. Be3 c5 13. dxc6 Bxc6 14. Bxa7 Rxa7 15. Nbd2 0-0 16. Qe2 Ng6 17. g3 Qc8 18. Kh2 Bd7 19. g4 Nf4 20. Qd1 Bxg4 21. hxg4 Qxg4 22. Ng1 Qg2# 0-1

[Event "San Francisco TNM Winter op"]
[Site "San Francisco"]
[Date "2016.01.05"]
[Round "1"]
[White "Hakobyan, Sos"]
[Black "Tungkitkancharoen, Songtham"]
[Result "1-0"]
[WhiteElo "1886"]
[BlackElo "1380"]
[PlyCount "157"]
[EventDate "2016.01.05"]
[EventType "swiss"]
[EventRounds "8"]
[EventCountry "USA"]
[SourceTitle "EXT 2018"]
[Source "ChessBase"]
[SourceDate "2017.10.13"]
[SourceVersion "1"]
[SourceVersionDate "2017.10.13"]
[SourceQuality "1"]

1. e4 e6 2. d4 d5 3. Nc3 c5 4. exd5 exd5 5. Bb5+ Nc6 6. Qe2+ Be6 7. Nf3 a6 8. Bxc6+ bxc6 9. Ng5 Qd7 10. Nxe6 Qxe6 11. dxc5 Qxe2+ 12. Nxe2 Bxc5 13. c3 a5 14. Nd4 Bxd4 15. cxd4 Ne7 16. g4 h5 17. g5 f6 18. gxf6 gxf6 19. Rg1 Kf7 20. Bd2 Rhe8 21. 0-0-0 Rec8 22. Bc3 c5 23. Rd3 Nf5 24. dxc5 Rxc5 25. Kb1 Ne7 26. Rh3 Rb8 27. Rgg3 Rh8 28. Rf3 Rh6 29. Bd4 Rc4 30. Be3 Rh7 31. b3 Rc6 32. Rh4 Kg6 33. Ra4 Rd6 34. Rxa5 d4 35. Bd2 d3 36. Rg3+ Kf7 37. Kb2 Nc6 38. Ra6 Ke6 39. b4 Rb7 40. a3 Ne5 41. Rxd6+ Kxd6 42. f4 Nc4+ 43. Kc3 Nxa3 44. Rxd3+ Kc6 45. Rh3 Nb1+ 46. Kc2 Nxd2 47. Kxd2 Rxb4 48. Rc3+ Kd6 49. Ke3 Ke6 50. Kf3 Kf5 51. Rc5+ Kg6 52. Rc3 Kf5 53. Rc5+ Kg6 54. Rc3 Kf5 55. Kg3 h4+ 56. Kxh4 Rxf4+ 57. Kh5 Ke4 58. Rc8 f5 59. h3 Rf3 60. h4 f4 61. Re8+ Kd3 62. Kg4 Rf1 63. h5 f3 64. Rf8 Ke2 65. Re8+ Kd2 66. Kg3 Rh1 67. Re5 Kd3 68. Kxf3 Rh3+ 69. Kg4 Kd4 70. Ra5 Rh1 71. Kg5 Ke4 72. Kg6 Kf4 73. h6 Rg1+ 74. Kh7 Kg4 75. Kh8 Kh4 76. h7 Rg6 77. Ra7 Kh5 78. Rg7 Rh6 79. Kg8 1-0

[Event "San Francisco Leighton Memorial"]
[Site "San Francisco"]
[Date "2015.08.18"]
[Round "3"]
[White "Hakobyan, Sos"]
[Black "Newey, Richard H"]
[Result "1-0"]
[WhiteElo "1861"]
[BlackElo "1790"]
[PlyCount "86"]
[EventDate "2015.08.04"]
[EventType "swiss"]
[EventRounds "9"]
[EventCountry "USA"]
[SourceTitle "EXT 2023"]
[Source "ChessBase"]
[SourceDate "2022.10.05"]
[SourceVersion "1"]
[SourceVersionDate "2022.10.05"]
[SourceQuality "1"]

1. e4 c5 2. Nf3 d6 3. d4 cxd4 4. Qxd4 a6 5. Nc3 Nc6 6. Qd3 g6 7. a3 Bg7 8. h3 Bd7 9. Be2 Nf6 10. Be3 b5 11. Bf4 Nh5 12. Bh2 Be6 13. Nd1 Qa5+ 14. Nd2 Bc4 15. Qe3 Bd4 16. Qf3 Bxb2 17. Bxc4 bxc4 18. Nxb2 Nd4 19. Qd1 c3 20. Nbc4 cxd2+ 21. Nxd2 Qc3 22. 0-0 Qxc2 23. e5 d5 24. Qe1 e6 25. Qe3 Qa4 26. Rfb1 Nc2 27. Qc5 Qd4 28. Qc6+ Kf8 29. Qxc2 Nf4 30. Bxf4 Qxf4 31. Qc5+ Kg7 32. Qe3 Qf5 33. Rb4 Qc2 34. Qg5 Qf5 35. Qe3 Rab8 36. Rf4 Qc2 37. Rxf7+ Kxf7 38. Qa7+ Kg8 39. Qxb8+ Kg7 40. Qa7+ Kh6 41. Qe3+ Kg7 42. Rb1 Rc8 43. Rb7+ Rc7 1-0

[Event "San Francisco TNM Summer op"]
[Site "San Francisco"]
[Date "2015.07.07"]
[Round "7"]
[White "Hakobyan, Sos"]
[Black "Uzzaman, Ashik"]
[Result "1/2-1/2"]
[WhiteElo "1873"]
[BlackElo "2027"]
[PlyCount "108"]
[EventDate "2015.05.26"]
[EventType "swiss"]
[EventRounds "8"]
[EventCountry "USA"]
[SourceTitle "EXT 2016"]
[Source "ChessBase"]
[SourceDate "2015.10.08"]
[SourceVersion "1"]
[SourceVersionDate "2015.10.08"]
[SourceQuality "1"]

1. e4 c5 2. Nc3 a6 3. a4 Nc6 4. f4 d6 5. Nf3 Nf6 6. h3 e6 7. d3 Be7 8. Be2 Nh5 9. 0-0 Ng3 10. Rf2 Rb8 11. Kh2 Bh4 12. Nxh4 Qxh4 13. Rf3 Nh5 14. Be3 Nd4 15. Bxd4 cxd4 16. g3 Nxg3 17. Qe1 dxc3 18. Qxg3 Qxg3+ 19. Rxg3 cxb2 20. Rb1 0-0 21. Rxb2 Bd7 22. a5 Rfc8 23. d4 e5 24. fxe5 dxe5 25. d5 Ba4 26. c4 Rc5 27. Ra3 Bd7 28. Rab3 Bc8 29. Ra3 Kf8 30. Kg3 Ke7 31. h4 Kd6 32. Rb6+ Kc7 33. d6+ Kd8 34. Rd3 Rxc4 35. d7 Bxd7 36. Rbd6 Rd4 37. R3xd4 exd4 38. Bg4 b5 39. Rxd7+ Ke8 40. Rxd4 b4 41. Be2 b3 42. Rd1 Rb4 43. Bxa6 Rxe4 44. Bb5+ Ke7 45. a6 b2 46. Rb1 Rb4 47. a7 Rb3+ 48. Kf4 Ra3 49. a8N Rxa8 50. Rxb2 Rb8 51. Re2+ Kf6 52. Bd3 Rb4+ 53. Re4 Rxe4+ 54. Bxe4 g6 1/2-1/2

[Event "San Francisco TNM Summer op"]
[Site "San Francisco"]
[Date "2015.06.02"]
[Round "2"]
[White "Simpkins, Jerry"]
[Black "Hakobyan, Sos"]
[Result "0-1"]
[WhiteElo "1504"]
[BlackElo "1873"]
[PlyCount "42"]
[EventDate "2015.05.26"]
[EventType "swiss"]
[EventRounds "8"]
[EventCountry "USA"]
[SourceTitle "EXT 2016"]
[Source "ChessBase"]
[SourceDate "2015.10.08"]
[SourceVersion "1"]
[SourceVersionDate "2015.10.08"]
[SourceQuality "1"]

1. e4 e6 2. d4 d5 3. e5 c5 4. c3 Nc6 5. f4 Nh6 6. Nf3 Be7 7. Bd3 Bh4+ 8. g3 Be7 9. 0-0 Qb6 10. Kh1 cxd4 11. cxd4 Bd7 12. Bc2 Rc8 13. a3 g6 14. Nc3 Na5 15. Rb1 Nf5 16. g4 Nh4 17. Ba4 Rxc3 18. Bxd7+ Kxd7 19. Nxh4 Bxh4 20. Bd2 Rc6 21. a4 Nc4 0-1

[Event "San Francisco TNM Spring op"]
[Site "San Francisco"]
[Date "2015.03.17"]
[Round "1"]
[White "Hakobyan, Sos"]
[Black "Cheng, Andrew Ys"]
[Result "1-0"]
[WhiteElo "1885"]
[BlackElo "1418"]
[PlyCount "97"]
[EventDate "2015.03.17"]
[EventType "swiss"]
[EventRounds "8"]
[EventCountry "USA"]
[SourceTitle "EXT 2016"]
[Source "ChessBase"]
[SourceDate "2015.10.08"]
[SourceVersion "1"]
[SourceVersionDate "2015.10.08"]
[SourceQuality "1"]

1. e4 e5 2. Nf3 d6 3. Bc4 Bg4 4. Nc3 Nf6 5. d3 Be7 6. Bg5 0-0 7. Qd2 Bxf3 8. gxf3 Nh5 9. Bxe7 Qxe7 10. Nd5 Qd8 11. Rg1 c6 12. Ne3 Nf4 13. 0-0-0 b5 14. Bb3 a5 15. a3 Nd7 16. Nf5 g6 17. d4 Nf6 18. Kb1 a4 19. Ba2 Rc8 20. dxe5 dxe5 21. Qxd8 Rcxd8 22. Ne7+ Kg7 23. Nxc6 Rxd1+ 24. Rxd1 Re8 25. Rd8 Rxd8 26. Nxd8 Ne2 27. Nxf7 Nd7 28. Nd6 Nd4 29. h3 Kf6 30. c3 Nxf3 31. Bd5 Kg5 32. Nxb5 Nc5 33. c4 Kh4 34. Nc3 Kxh3 35. Nxa4 Nxa4 36. Bc6 Nc5 37. b4 Ne6 38. Bd7 Nfg5 39. a4 Kg2 40. a5 h5 41. a6 h4 42. a7 Nc7 43. b5 Na8 44. c5 h3 45. Bxh3+ Kxh3 46. b6 Nxe4 47. b7 Nc3+ 48. Kc2 Nb5 49. bxa8Q 1-0

[Event "San Francisco TNM Winter op"]
[Site "San Francisco"]
[Date "2015.01.27"]
[Round "4"]
[White "Hakobyan, Sos"]
[Black "Handler, Andrew Todd"]
[Result "1-0"]
[WhiteElo "1889"]
[BlackElo "1672"]
[PlyCount "105"]
[EventDate "2015.01.06"]
[EventType "swiss"]
[EventRounds "8"]
[EventCountry "USA"]
[SourceTitle "EXT 2016"]
[Source "ChessBase"]
[SourceDate "2015.10.08"]
[SourceVersion "1"]
[SourceVersionDate "2015.10.08"]
[SourceQuality "1"]

1. e4 c5 2. Nf3 Nc6 3. c3 d5 4. e5 Bg4 5. Bb5 e6 6. Qa4 Bxf3 7. Bxc6+ bxc6 8. Qxc6+ Ke7 9. Qxc5+ Ke8 10. Qc6+ Ke7 11. gxf3 Rc8 12. Qa4 f6 13. exf6+ Nxf6 14. Qxa7+ Rc7 15. Qe3 Kf7 16. d4 Bd6 17. Nd2 Re8 18. Kd1 e5 19. Nb3 exd4 20. Qxd4 Be5 21. Qd3 Qd7 22. Be3 Qa4 23. Bd4 Rb7 24. Bxe5 Rxe5 25. Qd4 Qe8 26. Qd2 Rbe7 27. Nd4 Qa4+ 28. b3 Qa6 29. a4 Nd7 30. f4 Re4 31. f3 Re3 32. Nb5 Nf6 33. Ra2 Qe6 34. Nd4 Qd7 35. Rc2 Nh5 36. f5 Nf4 37. Kc1 Nd3+ 38. Kb1 R7e5 39. Rg1 Nc5 40. Qg2 Kf8 41. Ne6+ Nxe6 42. fxe6 Rxe6 43. Qg4 Qe7 44. Qb4 Rd6 45. Rg3 Kf7 46. Rcg2 g6 47. h4 Re1+ 48. Ka2 Re2+ 49. Rxe2 Qxe2+ 50. Ka3 Re6 51. Rg4 Qe1 52. Rf4+ Kg7 53. Qf8# 1-0

[Event "San Francisco TNM Winter op"]
[Site "San Francisco"]
[Date "2015.01.06"]
[Round "1"]
[White "McKellar, Daniel"]
[Black "Hakobyan, Sos"]
[Result "1/2-1/2"]
[WhiteElo "1653"]
[BlackElo "1889"]
[PlyCount "104"]
[EventDate "2015.01.06"]
[EventType "swiss"]
[EventRounds "8"]
[EventCountry "USA"]
[SourceTitle "EXT 2016"]
[Source "ChessBase"]
[SourceDate "2015.10.08"]
[SourceVersion "1"]
[SourceVersionDate "2015.10.08"]
[SourceQuality "1"]

1. e4 e6 2. d4 d5 3. e5 c5 4. c3 Nc6 5. Nf3 Qb6 6. a3 Nh6 7. b4 cxd4 8. b5 Na5 9. cxd4 Bd7 10. Nc3 Rc8 11. Bd2 Nc4 12. Bxc4 Rxc4 13. 0-0 Nf5 14. Ne2 Bxb5 15. a4 Ba6 16. a5 Qc7 17. Rb1 Be7 18. g4 Nh4 19. Nxh4 Bxh4 20. Bb4 Rc2 21. Re1 Qc4 22. Ng3 Be7 23. Bxe7 Kxe7 24. h4 Qc3 25. Re3 Qd2 26. Qxd2 Rxd2 27. Reb3 Rd8 28. Rb4 Rd7 29. Nh5 Ra2 30. Nxg7 Rxa5 31. Rc1 Bc4 32. Rcb1 b5 33. g5 Ra3 34. Kg2 Rd3 35. Nh5 Rxd4 36. Kg3 a5 37. Rxb5 Re4 38. Rxa5 Rxe5 39. Nf6 Rc7 40. Rb6 Rf5 41. Ra8 Rxf6 42. gxf6+ Kxf6 43. Kf4 Bd3 44. Ra3 Rc4+ 45. Kg3 Bf5 46. f4 h5 47. Rb8 Rc2 48. Rg8 d4 49. Rd8 Rc3+ 50. Rxc3 dxc3 51. Rc8 c2 52. Kf3 Ke7 1/2-1/2

[Event "San Francisco TNM Fall op"]
[Site "San Francisco"]
[Date "2014.11.26"]
[Round "5"]
[White "Handler, Andrew Todd"]
[Black "Hakobyan, Sos"]
[Result "0-1"]
[WhiteElo "1652"]
[BlackElo "1953"]
[PlyCount "76"]
[EventDate "2014.10.21"]
[EventType "swiss"]
[EventRounds "8"]
[EventCountry "USA"]
[SourceTitle "EXT 2016"]
[Source "ChessBase"]
[SourceDate "2015.10.08"]
[SourceVersion "1"]
[SourceVersionDate "2015.10.08"]
[SourceQuality "1"]

1. e4 e6 2. d4 d5 3. Be3 dxe4 4. Nd2 Nf6 5. f3 Nd5 6. Qe2 Nxe3 7. Qxe3 exf3 8. Ngxf3 Nc6 9. c3 Be7 10. Bd3 Bh4+ 11. g3 Bf6 12. 0-0 Qe7 13. Ne5 Nxe5 14. dxe5 Bg5 15. Qe2 Qc5+ 16. Kh1 Bxd2 17. Qxd2 Qxe5 18. Rae1 Qd5+ 19. Kg1 Qc5+ 20. Rf2 Bd7 21. b4 Qe7 22. Qe3 a6 23. a3 Rd8 24. Bc2 0-0 25. Rd1 Rfe8 26. Qe4 g6 27. Qxb7 Bc8 28. Qf3 Rxd1+ 29. Bxd1 Rd8 30. Bc2 e5 31. Bb3 Be6 32. Bxe6 Qxe6 33. Qf6 Rd6 34. Qf3 e4 35. Qf4 e3 36. Re2 Rd1+ 37. Kg2 Qd5+ 38. Kh3 Qh5+ 0-1